[Event "Groningen op"]
[Site "Groningen"]
[Date "1992.??.??"]
[Round "7"]
[White "De Boer, Gert Jan"]
[Black "Malisauskas, Vidmantas"]
[Result "1-0"]
[WhiteElo "2430"]
[BlackElo "2530"]

1.Nf3 Nf6 2.c4 g6 3.Nc3 Bg7 4.e4 d6 5.d4 O-O 6.Be2 e5 7.Be3 Ng4 8.Bg5 f6
9.Bc1 Na6 10.O-O Nh6 11.Rb1 Nf7 12.d5 c5 13.dxc6 bxc6 14.b4 Nc7 15.Nd2 f5
16.f3 Ne6 17.Kh1 Nd4 18.Nb3 Be6 19.Be3 Nxe2 20.Qxe2 f4 21.Bg1 Qc8 22.Rfd1 Rd8
23.Rbc1 g5 24.Na5 g4 25.Nd5 Re8 26.b5 gxf3 27.gxf3 Bxd5 28.cxd5 c5 29.Qg2 Kh8
30.Bf2 Rg8 31.Bh4 Qd7 32.Nc6 Rae8 33.Rg1 Nh6 34.Rc4 Qf7 35.Qg5 Ra8 36.Ra4 Rge8
37.Ra6 Ng8 38.Na5 Bf8 39.Nc4 Be7 40.Nxd6 Bxd6 41.Rxd6  1-0

[Event "Groningen op"]
[Site "Groningen"]
[Date "1992.??.??"]
[Round "7"]
[White "Sakaev, Konstantin"]
[Black "Schaefer, Markus"]
[Result "0-1"]
[WhiteElo "2540"]
[BlackElo "2435"]

1.d4 Nf6 2.c4 g6 3.Nc3 Bg7 4.e4 d6 5.Nf3 O-O 6.Be2 Na6 7.O-O e5 8.Re1 Qe8
9.Bf1 Bg4 10.d5 Nb4 11.Be2 a5 12.Be3 Bd7 13.Nd2 Na6 14.a3 h5 15.h3 Kh7 16.Rb1 a4
17.Nb5 Ng8 18.Qxa4 f5 19.exf5 gxf5 20.Qc2 Qg6 21.f4 Nf6 22.Nf3 Ne4 23.Nc3 Bf6
24.fxe5 dxe5 25.Nxe4 fxe4 26.Nd2 Bxh3 27.Bf1 Bf5 28.Re2 Bh4 29.b4 Bg3 30.c5 Qg4
31.Nc4 Qh4  0-1

[Event "Groningen op"]
[Site "Groningen"]
[Date "1992.??.??"]
[Round "9"]
[White "Hansen, Lars Bo"]
[Black "Bernal Moro, Luis Javier"]
[Result "1-0"]
[WhiteElo "2530"]
[BlackElo "2400"]

1.d4 Nf6 2.c4 g6 3.Nc3 Bg7 4.e4 d6 5.Be2 O-O 6.Nf3 Nbd7 7.O-O e5 8.Be3 c6
9.d5 Qe7 10.Nd2 c5 11.Rb1 Ne8 12.b4 f5 13.f3 f4 14.Bf2 g5 15.a4 Rf6 16.a5 Rg6
17.bxc5 Nxc5 18.Nb3 Nxb3 19.Rxb3 h5 20.g4 fxg3 21.hxg3 g4 22.fxg4 Bxg4 23.Bxg4 Rxg4
24.Qf3 Rc8 25.Nd1 Nf6 26.Ne3 Nxe4 27.Nxg4 Nd2 28.Qf5 Rf8 29.Qxh5 Nxb3 30.Qg6 Nd2
31.Rd1 Qg5 32.Qe6+ Rf7 33.Be3 Nf3+ 34.Kg2 Qf5 35.Qxf5 Rxf5 36.Nf2 Nd4 37.Ne4 Nc2
38.Bxa7 Bf8 39.Bf2 Rf7 40.c5 dxc5 41.d6 Nd4 42.d7  1-0

[Event "Hamburg-ch"]
[Site "Hamburg"]
[Date "1992.??.??"]
[Round "3"]
[White "Stanke, Juergen"]
[Black "Mowsziszian, Karen"]
[Result "0-1"]
[WhiteElo "2240"]
[BlackElo "2440"]

1.c4 g6 2.Nc3 Bg7 3.d4 Nf6 4.e4 d6 5.Be2 O-O 6.Nf3 Nbd7 7.O-O e5 8.Re1 c6
9.Bf1 h6 10.Rb1 a5 11.a3 exd4 12.Nxd4 Re8 13.f3 Nc5 14.b4 axb4 15.axb4 Ne6
16.Be3 h5 17.Qd2 h4 18.Kh1 Nh5 19.Nce2 Bf6 20.Nxe6 Bxe6 21.Nf4 Ng7 22.Red1 Re7
23.Qxd6 Qe8 24.Nxe6 Nxe6 25.Bb6 Bg5 26.Ra1 Rxa1 27.Rxa1 Rd7 28.Qe5 Bf4 29.Qf6 Bg5
30.Qc3 Qb8 31.Bf2 Bf4 32.Ba7 Qc7 33.Be3 Be5 34.Ra8+ Kg7 35.Qe1 g5 36.Bxg5 Nxg5
37.Qxh4 f6 38.f4 Bxf4 39.e5 Qxe5 40.c5 Rd1 41.Qh8+ Kg6 42.Rg8+ Kf5 43.g4+ Ke4
44.Re8 Kf3  0-1

[Event "Hamburg op"]
[Site "Hamburg"]
[Date "1992.??.??"]
[Round "4"]
[White "Roetteler, Martin"]
[Black "Mowsziszian, Karen"]
[Result "0-1"]
[WhiteElo "2240"]
[BlackElo "2435"]

1.d4 Nf6 2.c4 g6 3.Nc3 Bg7 4.e4 d6 5.Nf3 O-O 6.Be2 Nbd7 7.O-O e5 8.Be3 h6
9.dxe5 dxe5 10.h3 c6 11.Rb1 Qe7 12.Re1 Nc5 13.Qc2 Nh5 14.b4 Ne6 15.Na4 b6
16.b5 cxb5 17.cxb5 Bb7 18.Nc3 Rac8 19.Qd2 Nhf4 20.Rbc1 Rcd8 21.Qb2 Nxe2+
22.Rxe2 Nd4 23.Rd2 f5 24.Rcd1 Nxf3+ 25.gxf3 f4 26.Rxd8 Rxd8 27.Qb3+ Kh7 28.Bc1 Bc8
29.Kf1 Bxh3+ 30.Ke2 Rxd1 31.Qxd1 g5 32.Nd5 Qc5 33.a4 Qc4+ 34.Ke1 Qf1+ 35.Kd2 Qxf2+
36.Kc3 Bg2 37.Nf6+ Kg6 38.Qd7 Qd4+ 39.Kb3  0-1

[Event "Havana-B"]
[Site "Havana"]
[Date "1992.??.??"]
[Round "?"]
[White "Lopez, Carlos Manuel"]
[Black "Hernandez, Pedro"]
[Result "1-0"]
[WhiteElo "2275"]
[BlackElo "2235"]

1.Nf3 Nf6 2.c4 g6 3.Nc3 Bg7 4.e4 d6 5.d4 O-O 6.Be2 e5 7.d5 a5 8.Bg5 Na6 9.Nd2 h6
10.Be3 Nh7 11.a3 Bd7 12.Rb1 f5 13.f3 f4 14.Bf2 Bf6 15.b4 axb4 16.axb4 Bh4
17.g3 fxg3 18.hxg3 Bg5 19.c5 Bxd2+ 20.Qxd2 Qg5 21.Rxh6 Qxd2+ 22.Kxd2 Kg7
23.Be3 Nf6 24.Rhh1 Nh5 25.Bf2 Nf6 26.Be3 Nh5 27.Bf2 Nf6 28.Rb2 Nb8 29.Be3 Nh5
30.Bf2 Nf6 31.Be3 Nh5 32.Rg1 Ra3 33.Bg5 Nf6 34.Rh1 Rf7 35.Be3 Nh5 36.Bf2 Nf6
37.Be3 Nh5 38.Rg1 Rf8 39.Bg5 Rf7 40.Bd8 Bc8 41.Bxc7 Rxc7 42.Nb5 Na6 43.cxd6  1-0

[Event "Havana-B"]
[Site "Havana"]
[Date "1992.??.??"]
[Round "?"]
[White "Li, Manuel"]
[Black "Espinosa, Julio"]
[Result "1/2-1/2"]
[WhiteElo "2295"]
[BlackElo "2275"]

1.d4 d6 2.c4 Nd7 3.Nc3 e5 4.Nf3 Ngf6 5.e4 g6 6.Be2 Bg7 7.O-O O-O 8.Qc2 exd4
9.Nxd4 Re8 10.Be3 Ne5 11.Rad1 Bd7 12.h3 Nc6 13.Rfe1 Nxd4 14.Bxd4 Bc6 15.Bf1 Nd7
16.Bxg7 Kxg7 17.b4 b6 18.Nd5 Kg8 19.Qb2 a5 20.a3 axb4 21.axb4 Ra7 22.Ra1 Rxa1
23.Qxa1 Bxd5 24.cxd5 Nf6 25.Qd4  1/2-1/2

[Event "Havana-A"]
[Site "Havana"]
[Date "1992.??.??"]
[Round "?"]
[White "Perez, Juan C"]
[Black "Cabrera, Gabriel"]
[Result "0-1"]
[WhiteElo "2245"]
[BlackElo "2240"]

1.d4 Nf6 2.c4 d6 3.Nc3 g6 4.e4 Bg7 5.Be2 O-O 6.Nf3 e5 7.Be3 Nc6 8.d5 Ne7
9.Nd2 Nd7 10.O-O f5 11.f3 f4 12.Bf2 g5 13.b4 a5 14.bxa5 Rxa5 15.Nb3 Ra8 16.c5 h5
17.Nb5 Nf6 18.Qc2 Ne8 19.a4 Ng6 20.Rfc1 Rf7 21.a5 g4 22.Be1 Qg5 23.Kh1 Nh4
24.Bxh4 Qxh4 25.Bf1 Bf8 26.Ra2 Rg7 27.c6 gxf3 28.gxf3 Qg5 29.Qf2 b6 30.Bc4 bxa5
31.Rxa5 Rxa5 32.Nxa5 Be7 33.Rg1 Qh4 34.Rxg7+ Kxg7 35.Kg1 Ba6 36.Nxc7 Bxc4
37.Nxc4 Kf7 38.Nb5 Qh3 39.Qg2 Qc8 40.Qe2 Qa6  0-1

[Event "Havana-A"]
[Site "Havana"]
[Date "1992.??.??"]
[Round "?"]
[White "Gonzalez, Juan Carlos"]
[Black "Fernandez, German"]
[Result "1-0"]
[WhiteElo "2380"]
[BlackElo "2265"]

1.Nf3 Nf6 2.c4 g6 3.Nc3 Bg7 4.e4 d6 5.d4 O-O 6.Be2 Nbd7 7.O-O e5 8.Be3 exd4
9.Nxd4 Nc5 10.f3 a5 11.Qd2 Re8 12.Rad1 Nfd7 13.Ndb5 b6 14.Rfe1 Bb7 15.Bf1 Ne5
16.Bg5 f6 17.Bh4 Nf7 18.b3 Re6 19.Qc2 c6 20.Nd4 Re7 21.a3 Qc7 22.Bg3 Rae8
23.b4 axb4 24.axb4 Ne6 25.Nxe6 Rxe6 26.Ne2 c5 27.b5 Bh6 28.Nc3 Bg7 29.Ne2 Bh6
30.Bf2 Ne5 31.Nc3 Nf7 32.Ra1 Ra8 33.Rxa8+ Bxa8 34.Ra1 Re8 35.h4 Ne5 36.Qd1 Rb8
37.Ra6 Nf7 38.g3 Bb7 39.Ra7 Bg7 40.Bh3 Qd8 41.Nd5 Kh8 42.f4 Qe8 43.Qd3 Nd8
44.Bg2 Bxd5 45.Qxd5 Qe6 46.Qd3 Nf7 47.e5 fxe5 48.Bd5 e4 49.Qe2  1-0

[Event "Havana-B"]
[Site "Havana"]
[Date "1992.??.??"]
[Round "?"]
[White "Elissalt Cardenas, Hector"]
[Black "Aldama, Degurnay"]
[Result "0-1"]
[WhiteElo "2265"]
[BlackElo "2380"]

1.d4 Nf6 2.c4 g6 3.Nc3 Bg7 4.e4 d6 5.Nf3 O-O 6.Be2 e5 7.d5 Na6 8.Bg5 h6 9.Bh4 Qe8
10.Nd2 Nh7 11.g4 Bd7 12.Nf1 Ng5 13.Bxg5 hxg5 14.Qd2 Bf6 15.O-O-O Kg7 16.h3 Rh8
17.Qe3 Be7 18.Nh2 c5 19.Nf3 Qd8 20.Rdg1 Nc7 21.h4 gxh4 22.g5 h3 23.Rg3 a6
24.Ng1 b5 25.f4 exf4 26.Qxf4 bxc4 27.Bxc4 Nb5 28.Nd1 Nd4 29.Kb1 Rh5 30.Nf2 Bxg5
31.Qxd6 Nf5 32.Qe5+ Bf6 33.Qf4 Nxg3 34.Qxg3 Qb6 35.Nd3 Re8 36.Qf3 Rh4  0-1

[Event "Havana-A"]
[Site "Havana"]
[Date "1992.??.??"]
[Round "?"]
[White "Cabrera, Gabriel"]
[Black "Fernandez, German"]
[Result "0-1"]
[WhiteElo "2240"]
[BlackElo "2265"]

1.d4 Nf6 2.Nf3 g6 3.c4 Bg7 4.Nc3 O-O 5.e4 d6 6.Be2 Nbd7 7.O-O e5 8.dxe5 dxe5
9.b3 Re8 10.Bb2 c6 11.Qc2 Nh5 12.Rfd1 Nf4 13.Bf1 Qe7 14.a4 a5 15.Ba3 Nc5
16.h3 Bf8 17.Ne2 Qf6 18.Nxf4 Qxf4 19.Nd2 Be6 20.g3 Qh6 21.Kh2 Rad8 22.Qc3 Rxd2
23.Bxc5 Rxd1 24.Bxf8 Qh5 25.Bc5 Rxa1 26.Qxa1 f6 27.Qc3 Qd1 28.Bg2 Qd8 29.Qe3 Qd7
30.Bb6 Kg7 31.Qc3 Ra8 32.Bxa5 Qd4 33.Qb4 Qd7 34.Bb6 h5 35.h4 Re8 36.Bc5 Ra8
37.Bd6 Rd8 38.c5 Ra8 39.Bf1 Qf7 40.a5 Bxb3 41.Bh3 Bc4 42.Qb6 Ba6 43.Kg1 Kh6
44.Bg2 Bb5 45.Kh2 Re8 46.Kg1 f5 47.exf5 gxf5 48.a6 Bxa6 49.Bxc6 bxc6 50.Qxa6 Qd5
51.Qb7 f4 52.Be7 fxg3 53.fxg3 e4 54.Qb2 Qf5 55.Qd2+ Kh7 56.Qd6 e3 57.Bf6 Rg8
58.Bg5 Rg7 59.Qh6+ Kg8 60.Qxh5 Qf2+ 61.Kh1 Qf1+ 62.Kh2 Qf2+ 63.Kh3 Qf5+ 64.Kh2 Rg6
65.Qe2 Re6 66.Bf4 Qxc5 67.h5 Qf5 68.h6 Kh7 69.Bxe3 Qe4 70.Qb2 Qe5 71.Qb7+ Re7
72.Qb1+ Qe4 73.Qxe4+ Rxe4 74.Bf4 c5 75.Kg2 c4 76.Kf3 Re6 77.Bd2 Rc6 78.Ke2 c3
79.Bc1 Rd6 80.g4 c2 81.Bd2 Kg6 82.g5 Rd8 83.Ke3 Kxg5 84.h7 Kg6 85.h8=Q Rxh8
86.Kd3 Rc8 87.Bc1 Kf5 88.Kd2 Ke4 89.Bb2 Rc4  0-1

[Event "Havana-B"]
[Site "Havana"]
[Date "1992.??.??"]
[Round "?"]
[White "Palao, Maricela"]
[Black "Aldama, Degurnay"]
[Result "0-1"]
[WhiteElo "2150"]
[BlackElo "2380"]

1.d4 Nf6 2.c4 d6 3.Nf3 g6 4.Nc3 Bg7 5.e4 O-O 6.Be2 Nbd7 7.O-O e5 8.d5 Nc5
9.Nd2 a5 10.f3 Nh5 11.Nb3 b6 12.Re1 f5 13.Be3 f4 14.Bf2 g5 15.Nc1 Rf6 16.Rb1 Rg6
17.b3 Nf6 18.g4 fxg3 19.Bxg3 g4 20.Kh1 Nh5 21.Rg1 Nf4 22.Bf1 gxf3 23.Qxf3 Bg4
24.Qf2 Qe7 25.Bh4 Qxh4 26.Qxh4 Bf3+ 27.Rg2 Nxg2 28.Qg3 Nh4+ 29.Kg1 Nxe4 30.Nxe4 Bxe4
31.Rb2 Rxg3+ 32.hxg3 Nf3+ 33.Kf2 Rf8 34.Be2 Bh6 35.Nd3 Nd4+ 36.Ke1 Nxe2  0-1

[Event "Havana-B"]
[Site "Havana"]
[Date "1992.??.??"]
[Round "?"]
[White "Pina, Ulises"]
[Black "Aldama, Degurnay"]
[Result "0-1"]
[WhiteElo "2355"]
[BlackElo "2380"]

1.Nf3 Nf6 2.c4 g6 3.Nc3 Bg7 4.e4 d6 5.d4 O-O 6.Be2 Nbd7 7.O-O e5 8.Qc2 c6
9.Rd1 Qe7 10.d5 c5 11.Ne1 Ne8 12.Nd3 f5 13.b4 b6 14.a4 Ndf6 15.f3 a5 16.bxa5 bxa5
17.Bd2 Nc7 18.Nf2 Na6 19.Nb5 Nb4 20.Qc1 f4 21.Rf1 h5 22.Ra3 g5 23.h3 Nh7
24.Qd1 Rf6 25.Be1 Rg6 26.Rc3 Bh6 27.Ra3 Nf6 28.Kh2 Kh8 29.Rh1 Ba6 30.Kg1 Rag8
31.Kf1 R8g7 32.Rb3 Rh7 33.Ra3 Bf8 34.Kg1 Bc8 35.Rb3 Kg8 36.Ra3 Rhg7 37.Rh2 Qf7
38.Rb3 Rh6 39.Ra3 Qg6 40.Rb3 Rhh7 41.Nc3 g4 42.fxg4 hxg4 43.Bxg4 Nxg4 44.Nxg4 Be7
45.Kh1 Qh5 46.Nf2 Qh6 47.Nd3 Bxh3 48.gxh3 Qxh3 49.Qe2 Nxd3 50.Rb8+ Kf7 51.Rb7 Nxe1
52.Nb5 Qxh2+ 53.Qxh2 Rxh2+ 54.Kxh2 Nf3+ 55.Kh3  0-1

[Event "Helsinki-ch"]
[Site "Helsinki"]
[Date "1992.??.??"]
[Round "2"]
[White "Salo, Heikki"]
[Black "Kanko, Ilkka"]
[Result "1-0"]
[WhiteElo "2240"]
[BlackElo "2280"]

1.d4 Nf6 2.c4 g6 3.Nc3 Bg7 4.e4 d6 5.Be2 O-O 6.Nf3 e5 7.O-O c6 8.Be3 Nbd7
9.Rb1 Ng4 10.Bg5 Bf6 11.Bc1 Bg7 12.d5 cxd5 13.cxd5 h6 14.Nd2 Ngf6 15.Nc4 Ne8
16.Be3 f5 17.f3 Ndf6 18.a4 Nh5 19.Nb5 Nf4 20.Nxa7 Qg5 21.g3 Nxe2+ 22.Qxe2 f4
23.Nxc8 Rxc8 24.Bd2 h5 25.Kh1 Qf6 26.gxf4 exf4 27.Bc3 Qe7 28.Bxg7 Nxg7 29.Rbc1 Kh7
30.Rg1 Nf5 31.Qf2 Nh4 32.Nxd6 Rxc1 33.Rxc1 Nxf3 34.Qxf3 Qxd6 35.Qc3 Rf7 36.Qd4 Re7
37.Rc8 Rg7 38.e5 Qd7 39.Rc1 Qg4 40.Qe4  1-0

[Event "Helsinki op"]
[Site "Helsinki"]
[Date "1992.??.??"]
[Round "2"]
[White "Piskov, Yury"]
[Black "Velikhanli, Firuza"]
[Result "1-0"]
[WhiteElo "2500"]
[BlackElo "2230"]

1.d4 Nf6 2.c4 g6 3.Nc3 Bg7 4.e4 d6 5.Be2 O-O 6.Nf3 e5 7.d5 Nbd7 8.Bg5 h6
9.Bh4 a5 10.Nd2 Nc5 11.O-O Bd7 12.b3 Qe8 13.a3 Nh7 14.Nb5 Qc8 15.b4 axb4
16.axb4 Rxa1 17.Qxa1 Na6 18.Qa3 f5 19.f3 Nf6 20.c5 g5 21.Bf2 fxe4 22.Nxe4 Nxe4
23.fxe4 Bg4 24.Na7 Bxe2 25.Nxc8 Rxc8 26.Rc1 Bf8 27.cxd6 Bxd6 28.Qh3 Rf8 29.Qxh6 Nxb4
30.Qxg5+ Kh7 31.Rc3  1-0

[Event "Helsinki op"]
[Site "Helsinki"]
[Date "1992.??.??"]
[Round "2"]
[White "Ragozin, Evgeni"]
[Black "Salo, Heikki"]
[Result "1-0"]
[WhiteElo "2505"]
[BlackElo "2230"]

1.c4 g6 2.Nf3 Bg7 3.e4 d6 4.d4 Nf6 5.Nc3 O-O 6.Be2 e5 7.Be3 exd4 8.Nxd4 Re8
9.f3 c6 10.O-O d5 11.cxd5 cxd5 12.Qb3 Nc6 13.Rad1 Qb6 14.Qxb6 axb6 15.Ndb5 Re7
16.Bg5 Rd7 17.exd5 Ne7 18.d6 Nc6 19.Be3 Bf8 20.Bxb6 Ra6 21.Bf2 Ne8 22.Nc7 Nxc7
23.dxc7 Ra8 24.Nd5  1-0

[Event "Helsinki op"]
[Site "Helsinki"]
[Date "1992.??.??"]
[Round "3"]
[White "Salo, Heikki"]
[Black "Matveeva, Svetlana"]
[Result "0-1"]
[WhiteElo "2230"]
[BlackElo "2435"]

1.d4 Nf6 2.c4 g6 3.Nc3 Bg7 4.e4 d6 5.Be2 O-O 6.Nf3 e5 7.O-O exd4 8.Nxd4 Re8
9.f3 c6 10.Be3 d5 11.cxd5 Nxd5 12.Nxd5 cxd5 13.Qb3 Nc6 14.Rad1 Bxd4 15.Bxd4 dxe4
16.Bc4 Be6 17.Bc3 Bxc4 18.Qxc4 Qb6+ 19.Kh1 e3 20.Rd7 Re6 21.Qf4 Ne7 22.Re1 Re8
23.a4 e2 24.Qd4 Qxd4 25.Bxd4 Nc6 26.Bc3 b6 27.Kg1 a6 28.Kf2 b5 29.axb5 axb5
30.Rb7 Ne5 31.Bxe5 Rxe5 32.Rd7 Rh5 33.h3 Rhe5 34.Rd2 h5 35.Rexe2 Kg7 36.Rxe5 Rxe5
37.Rd7 Rc5 38.Rd2 h4 39.Ke3 Kf6 40.Kd4 Rc4+ 41.Ke3 Ke5 42.Rf2 Kd5 43.Rd2+ Kc6
44.Kd3 Kc5 45.Re2 Kb4 46.Re5 Rc5 47.Re4+ Kb3 48.Rxh4 Kxb2 49.Rf4 Rd5+ 50.Ke3 f5
51.g4 Kc3 52.gxf5 gxf5 53.h4 b4 54.h5 Re5+ 55.Kf2 b3 56.Rh4 b2 57.Rh1 f4
58.h6 Re7  0-1

[Event "Helsinki op"]
[Site "Helsinki"]
[Date "1992.??.??"]
[Round "5"]
[White "Manni, Matti"]
[Black "Norri, Joose"]
[Result "0-1"]
[WhiteElo "2265"]
[BlackElo "2400"]

1.d4 Nf6 2.c4 g6 3.Nc3 Bg7 4.e4 d6 5.Be2 O-O 6.Nf3 e5 7.O-O Na6 8.Be3 c6
9.Nd2 Ng4 10.Bxg4 exd4 11.Bxc8 Qxc8 12.Bxd4 Bxd4 13.Rc1 Qe6 14.Nf3 Bg7 15.Re1 Qxc4
16.Qxd6 Rad8 17.Qg3 Bxc3 18.Rxc3 Qxa2 19.e5 Qxb2 20.Ng5 Qd2 21.Rf1 Nc7 22.Ne4 Qd4
23.Nf6+ Kg7 24.Re3 Nd5 25.Rf3 Kh8 26.Qg5 Nxf6 27.Qxf6+ Kg8 28.h4 Rde8 29.Re1 Re6
30.Qg5 f6 31.Qc1 Rxe5 32.Rd1 Qb4 33.Rf4 Qe7 34.Rfd4 Rf7 35.Rd8+ Kg7 36.Qd2 Rd5
37.Rxd5 cxd5 38.Qxd5 Qc7 39.h5 Re7 40.Qd2 g5 41.Qd4 b6 42.g3 Re5 43.Qa4 b5
44.Qg4 Re7 45.Qf5 Qe5 46.Qc8 a5 47.Rd8 Rc7 48.Rd7+ Rxd7 49.Qxd7+ Kh6 50.g4 Qe4
51.Kh2 b4 52.Kg3 b3 53.f3 Qe5+ 54.Kh3 b2 55.Qd8 Kg7 56.Qd7+ Kf8 57.Qxh7 f5
58.Qh6+ Ke7 59.Qxg5+ Kd7 60.Qd2+ Ke8 61.Qc2 Qb5 62.Qb1 a4 63.g5 a3 64.g6 a2
65.Qe1+ Kd7 66.Qd2+ Kc7 67.Qh2+ Kb7 68.g7 b1=Q 69.g8=Q Q5f1+ 70.Kh4 Qbe1+
71.Kg5 Qg1+ 72.Kh6 Qxg8 73.Qb2+ Ka6 74.Qf6+ Qge6  0-1

[Event "Helsinki op"]
[Site "Helsinki"]
[Date "1992.??.??"]
[Round "8"]
[White "Matveeva, Svetlana"]
[Black "Ye Jiangchuan"]
[Result "0-1"]
[WhiteElo "2435"]
[BlackElo "2545"]

1.d4 Nf6 2.c4 g6 3.Nc3 Bg7 4.e4 d6 5.Be2 O-O 6.Nf3 e5 7.Be3 c6 8.d5 Ng4 9.Bg5 f6
10.Bh4 c5 11.a3 Na6 12.Rb1 b6 13.O-O h5 14.Ne1 Nh6 15.f3 Nf7 16.Nd3 Bh6 17.Bf2 f5
18.b4 f4 19.a4 g5 20.a5 Kh8 21.Na4 Rg8 22.h3 g4 23.hxg4 Ng5 24.axb6 axb6
25.Nxb6 Qxb6 26.bxc5 Qd8 27.cxd6 Bg7 28.Bb6 Qxd6 29.Kf2 hxg4 30.Rh1+ Nh7
31.fxg4 Qg6 32.Bf3 Nb8 33.c5 Nd7 34.Bc7 Ra7 35.Bd6 Re8 36.g5 Qxg5 37.c6 Nf6
38.Rb8 Bg4 39.Rxe8+ Nxe8 40.Bc5 Ra2+ 41.Kf1 Bxf3 42.Qxf3 Qg6 43.Ne1 Nf6 44.c7 Ra8
45.Qh3 Qe8 46.Kg1 Kg8 47.Qf5 Nf8 48.Bxf8 Kxf8 49.Rh6 Kf7 50.Rh3 Qd7 51.Qxe5 Re8
52.Nf3 Kg8 53.Qxf4 Nxe4 54.Rh5 Nd6 55.Qc1 Rc8 56.Qc2 Qxc7 57.Qg6 Qc1+ 58.Kh2 Qf4+
59.Kh3 Rc1 60.Qe6+  0-1

[Event "Hermanos Saiz"]
[Site "Hermanos Saiz"]
[Date "1992.??.??"]
[Round "?"]
[White "Otero, Evelio"]
[Black "Moreno, Alejandro"]
[Result "1/2-1/2"]
[WhiteElo "2365"]
[BlackElo "2270"]

1.d4 Nf6 2.Nf3 g6 3.c4 Bg7 4.Nc3 O-O 5.e4 d6 6.Be2 Nbd7 7.O-O e5 8.Re1 c6
9.Rb1 exd4 10.Nxd4 Re8 11.Bf1 Nc5 12.f3 a5 13.Bg5 Qb6 14.Be3 Nfd7 15.Nc2 Qc7
16.Qd2 Be5 17.g3 Nb6 18.b3 f5 19.exf5 Bxf5 20.Rbd1 Qg7 21.Bd4  1/2-1/2

[Event "Oberliga Hessen"]
[Site "Hessen"]
[Date "1992.??.??"]
[Round "?"]
[White "Kersten, Uwe"]
[Black "Friedrich, Norbert"]
[Result "1/2-1/2"]
[WhiteElo "2325"]
[BlackElo "2310"]

1.d4 Nf6 2.Nf3 g6 3.c4 Bg7 4.Nc3 O-O 5.e4 d6 6.Be2 e5 7.O-O Na6 8.Be3 c6
9.Qc2 Ng4 10.Bg5 f6 11.Bc1 exd4 12.Nxd4 f5 13.Bxg4 Bxd4 14.exf5 Bxf5 15.Bxf5 Rxf5
16.Ne2 Bb6 17.Ng3 Rf7 18.b3 d5 19.cxd5 Nb4 20.Qc4 Nxd5 21.Bh6 Bxf2+ 22.Kh1 Bxg3
23.Rxf7 Kxf7 24.Rf1+ Kg8 25.Rf8+ Qxf8 26.Bxf8 Rxf8 27.hxg3 a6 28.b4  1/2-1/2

[Event "Oberliga Hessen"]
[Site "Hessen"]
[Date "1992.??.??"]
[Round "?"]
[White "Lisanti, Andre"]
[Black "Alber, Horst"]
[Result "1/2-1/2"]
[WhiteElo "2245"]
[BlackElo "2335"]

1.Nf3 Nf6 2.d4 g6 3.c4 Bg7 4.Nc3 O-O 5.e4 d6 6.Be2 e5 7.d5 a5 8.Bg5 Na6 9.Nd2 Qe8
10.O-O Bd7 11.f4 h6 12.fxe5 Qxe5 13.Bf4 Qd4+ 14.Kh1 Rae8 15.Qc1 Ng4 16.Nf3 Qb6
17.h3 Bxc3 18.Qxc3 Rxe4 19.Ng1 Nf2+ 20.Rxf2 Qxf2 21.Bxh6 Qd4 22.Qxd4 Rxd4
23.Nf3 Re4 24.Bd3 Re7 25.Bxf8 Kxf8 26.Rf1 Nc5 27.Bb1 Kg7 28.Kh2 Re2 29.b3 a4
30.b4 Na6 31.Nd4 Rd2 32.Nc2 Bf5 33.Na3 Bxb1 34.Rxb1 Rxa2 35.Nb5 a3 36.Rb3 Rb2
37.Rxa3 Rxb4 38.Rc3 Kf6 39.Kg3 Ke5 40.Kf3 Kf6 41.h4 Rb1 42.g4 Rh1 43.Kg3 Re1
44.Rf3+ Kg7 45.Kf4 f6 46.Rc3 Kf7 47.Rc2 Re5 48.Rh2 f5 49.gxf5 Rxf5+ 50.Kg4 Re5
51.Rf2+ Ke7 52.Rf4 c6 53.dxc6 bxc6 54.Nd4 Rc5 55.Nb3 Re5 56.Nd4 Nb4 57.Nf3 Rc5
58.Ng5 Nd3 59.Rf7+ Ke8 60.Rf6 Ne5+ 61.Kg3 Ke7 62.Re6+ Kd7 63.Rxd6+ Kxd6 64.Ne4+ Ke7
65.Nxc5 Nxc4 66.Kf4 Kd6 67.Nd3  1/2-1/2

[Event "Holguin"]
[Site "Holguin"]
[Date "1992.??.??"]
[Round "?"]
[White "Remon, Adelquis"]
[Black "Pupo, Emilio"]
[Result "0-1"]
[WhiteElo "2365"]
[BlackElo "2395"]

1.d4 Nf6 2.Nf3 g6 3.c4 Bg7 4.Nc3 O-O 5.e4 d6 6.Be2 e5 7.d5 a5 8.Bg5 h6 9.Bh4 Na6
10.Nd2 Qe8 11.Bxf6 Bxf6 12.Bg4 Nb4 13.Bxc8 Nd3+ 14.Ke2 Nf4+ 15.Kf1 Qxc8 16.h4 Bg7
17.g3 Nh5 18.Kg2 Qe8 19.f3 f5 20.Ne2 Nf6 21.Qc2 Qd7 22.Raf1 h5 23.c5 Qb5
24.Nc3 Qxc5 25.exf5 Nxd5 26.Qb3 c6 27.f6 a4 28.Nxa4 Qd4 29.fxg7 Rf7 30.Ne4 Rxa4
31.Rf2 Rb4 32.Qa3 Kxg7 33.Re1 Rd7 34.b3 Qb6 35.Ng5 Re7 36.Qb2 Qd4 37.Qa3 c5
38.Qc1 c4 39.Re4 Qc5 40.Rd2 Ne3+ 41.Kf2 Nf5+ 42.Kg2 Ne3+ 43.Kf2 c3 44.Re2 Nf5+
45.Kg2 Nd4 46.Re1 Rb6 47.g4 Ra6 48.gxh5 Rxa2+ 49.Kh3 Qc8+ 50.Rg4 gxh5 51.Re4 Ne2
52.Ne6+ Kf7  0-1

[Event "Holguin"]
[Site "Holguin"]
[Date "1992.??.??"]
[Round "?"]
[White "Remon, Adelquis"]
[Black "Leyva, Hector"]
[Result "1-0"]
[WhiteElo "2365"]
[BlackElo "2295"]

1.d4 Nf6 2.c4 g6 3.Nc3 Bg7 4.e4 d6 5.Be2 O-O 6.Nf3 e5 7.d5 a5 8.h4 h6 9.Nd2 Na6
10.Nf1 Nc5 11.Ng3 Nh7 12.Be3 h5 13.Nf1 f5 14.exf5 Bxf5 15.Ng3 e4 16.Nxf5 Rxf5
17.Qc2 Qe7 18.O-O-O Nf6 19.Kb1 Re8 20.Nb5 Ng4 21.Bxg4 hxg4 22.Bxc5 dxc5 23.d6 cxd6
24.Nxd6 Bd4 25.Nxf5 gxf5 26.h5 Qf6 27.h6 Kh7 28.Rd2 Re7 29.Re2 Qg6 30.a3 Qc6
31.f3 Qg6 32.Rf1 e3 33.fxg4 fxg4 34.Rf4 Re6 35.Rxg4 Qxc2+ 36.Kxc2 Rxh6 37.Kd3 Rd6
38.Kc2 a4 39.g3 Rh6 40.Kd3 Rh3 41.Rh4+ Rxh4 42.gxh4 Kh6 43.Rxe3 Bxb2 44.Ke4 Kh5
45.Kd5 Bd4 46.Re4 Bf2 47.Re7  1-0

[Event "Holguin+"]
[Site "Holguin"]
[Date "1992.??.??"]
[Round "?"]
[White "Armas, Jorge"]
[Black "Leyva, Ricardo"]
[Result "1/2-1/2"]
[WhiteElo "2400"]
[BlackElo "2275"]

1.Nf3 Nf6 2.c4 g6 3.Nc3 Bg7 4.e4 d6 5.d4 O-O 6.Be2 e5 7.d5 a5 8.Bg5 h6 9.Bh4 Na6
10.Nd2 Qe8 11.a3 Bd7 12.b3 Nh7 13.f3 f5 14.Rb1 g5 15.Bf2 Nf6 16.b4 Qg6 17.c5 axb4
18.axb4 g4 19.Qb3 gxf3 20.gxf3 fxe4 21.Rg1 Qf7 22.Ndxe4 Nxe4 23.Nxe4 Bf5
24.Be3 Kh8 25.cxd6 Bxe4 26.fxe4 cxd6 27.Kd2 Qe7 28.Rg6 Qh4 29.Rbg1 Rf7 30.R1g4 Qxh2
31.Bg1 Qh1 32.Rxg7 Rxg7 33.Rxg7 Nxb4 34.Rg4 Ra2+ 35.Ke1 h5 36.Rg5 Qxe4 37.Rxh5+ Kg7
38.Qg3+ Kf7 39.Qf3+ Qxf3 40.Bxf3 Ra1+ 41.Bd1 Nxd5 42.Kd2  1/2-1/2

[Event "EU-ch U20 Girls"]
[Site "Hradec Kralove"]
[Date "1992.??.??"]
[Round "?"]
[White "Guzkowska, Magdalena"]
[Black "Djeno, Mara"]
[Result "1/2-1/2"]
[WhiteElo "2090"]
[BlackElo "2165"]

1.d4 Nf6 2.c4 g6 3.Nc3 Bg7 4.e4 d6 5.Be2 O-O 6.Nf3 e5 7.d5 a5 8.Bg5 h6 9.Bh4 Na6
10.Nd2 Nc5 11.O-O g5 12.Bg3 Nfxe4 13.Ndxe4 Nxe4 14.Nxe4 f5 15.f3 fxe4 16.fxe4 Rxf1+
17.Bxf1 Qf6 18.Qc2 b6 19.b3 Bd7 20.a3 Be8 21.Be2 h5 22.Rf1 Qe7 23.Bf2 g4
24.Be3 Bg6 25.Bd3 Rf8 26.Rxf8+ Qxf8 27.Qf2 Qe7 28.b4 axb4 29.axb4 Kh7 30.Qd2 Qf8
31.c5 bxc5 32.bxc5 Qa8 33.c6 Qa1+ 34.Qc1 Qa4 35.Qc2 Qb4 36.Qb1 Qa5 37.Qc1 Bf6
38.g3 Kg7 39.Bh6+ Kh7 40.Bd2 Qa4 41.Qc2 Qd4+ 42.Kg2 h4 43.gxh4 Bxh4 44.Bc1 Bf6
45.Qe2 Bh5 46.Qe3 Qxe3 47.Bxe3 Kg6 48.Kg3 Kg7 49.Bb6 Bd8 50.Ba5 Kh6 51.Be2 Bg6
52.Bxg4 Bxe4 53.Be6 Kh5 54.Bf7+ Kg5 55.Be6 Bf5 56.h4+ Kf6 57.Bd2 Bxe6 58.Bg5+ Kf5
59.Bxd8 Bxd5 60.Bxc7 Ke6 61.h5 Bxc6 62.h6 Be4 63.Kf2 d5 64.Ba5 d4 65.Bd2 Kd5
66.Bg5 Bf5 67.Ke2 Kc4 68.Bf6 e4 69.Bg5 Kc3 70.Bf4 Kc2 71.Bg5 Kc3 72.Bf4 Kc4
73.Bg5 Kd5 74.Bf4 Bg6 75.Bc1 Ke5 76.Bd2 Kf5 77.Bc1 Kg4 78.Bb2 d3+ 79.Ke3 Kg5
80.Bc3 Kxh6 81.Ba5 Kg5 82.Be1 Kf5 83.Ba5 Ke5 84.Be1 Kd5 85.Ba5 Kc4 86.Be1 Kb3
87.Ba5 Kc2 88.Be1  1/2-1/2

[Event "HUN-ch (Women)"]
[Site "?"]
[Date "1992.??.??"]
[Round "7"]
[White "Palko, Gabriella"]
[Black "Grabics, Monika"]
[Result "1/2-1/2"]
[WhiteElo "2075"]
[BlackElo "2145"]

1.d4 Nf6 2.c4 g6 3.Nc3 Bg7 4.e4 d6 5.Nf3 O-O 6.Be2 e5 7.dxe5 dxe5 8.Qxd8 Rxd8
9.Bg5 Re8 10.Nd5 Nxd5 11.cxd5 c6 12.Bc4 cxd5 13.Bxd5 Na6 14.O-O-O Nb4 15.Bb3 Nc6
16.h3 h6 17.Be3 Bf8 18.Kb1 Kg7 19.g4 a5 20.Bc4 a4 21.Ng1 Be6 22.Bxe6 Rxe6
23.Ne2 Na5 24.Rd7 b5 25.Nc3 Nc4 26.Nd5 Rc6 27.Nc7 Rc8 28.Nd5 a3 29.b3 Nd6
30.f3 Rb8 31.Bc1 b4 32.Bd2 Nb5 33.Nxb4 Rf6 34.Rf1 Nd4 35.Nd5 Rxf3 36.Rxf3 Nxf3
37.Bc3 Re8 38.Kc2 Ng5 39.Nc7 Re7 40.Rxe7 Bxe7 41.Bxe5+ f6 42.Bc3 Nxe4 43.Bd4 Kf7  1/2-1/2

[Event "HUN-ch"]
[Site "?"]
[Date "1992.??.??"]
[Round "3"]
[White "Horvath, Jozsef"]
[Black "Szekely, Peter"]
[Result "1-0"]
[WhiteElo "2505"]
[BlackElo "2435"]

1.d4 Nf6 2.c4 g6 3.Nc3 Bg7 4.e4 d6 5.Nf3 O-O 6.Be2 e5 7.O-O Na6 8.Be3 Ng4
9.Bg5 f6 10.Bc1 c6 11.d5 c5 12.Ne1 Nh6 13.Nd3 f5 14.f3 fxe4 15.fxe4 Rxf1+
16.Qxf1 Nf7 17.Qf2 Qe7 18.Be3 Bh6 19.Rf1 Bxe3 20.Qxe3 Bd7 21.Nf2 Nc7 22.Bg4 Rf8
23.h3 Bxg4 24.Nxg4 Ng5 25.Rxf8+ Kxf8 26.a3 Nf7 27.b4 b6 28.b5 Qg5 29.Qxg5 Nxg5
30.h4 Nf7 31.Nf6 h5 32.Nd7+ Ke8 33.Nb8 Nd8 34.Nb1 Nb7 35.Nd2 Na5 36.Kf2 Kf7
37.Ke3 Nb7 38.Kd3 Kf6 39.Nf3 Kg7 40.Ng5 Kf6 41.Nc6 a5 42.bxa6 Nxa6 43.Kc3 Nc7
44.Kb3 b5 45.a4 b4 46.a5 Na6 47.Ka4 Kg7 48.Kb5 b3 49.Nf3 b2 50.Nd2 Nc7+ 51.Kb6 Nxa5
52.Nxa5 Ne8 53.Nb7 Kf6 54.Kc6 Ke7 55.Nb1  1-0